Born in Massachusetts Quiz Stats

 Plays Quiz Updated Jan 28, 2015

Also try: Born in Michigan
Challenge
Share
Tweet
Score 0/16 Timer 04:00
2 Plays Today
% Correct
John F. Kennedy
98.9%
Matt Damon
91.1%
Benjamin Franklin
87.5%
Conan O'Brien
84.9%
Steve Carell
80.1%
Mark Wahlberg
79.2%
Uma Thurman
70.2%
Amy Poehler
68.6%
% Correct
Barbara Walters
67.3%
Leonard Nimoy
62%
Nancy Kerrigan
59.9%
Bette Davis
57.1%
Donna Summer
44.9%
Rocky Marciano
40%
Elizabeth Banks
35.5%
Bobby Brown
27.1%

You're not logged in!

Compare scores with friends on all Sporcle quizzes.
OR
Log In

You Might Also Like...

Show Comments

Extras

Top Quizzes Today


Score Distribution

Your Account Isn't Verified!

In order to create a playlist on Sporcle, you need to verify the email address you used during registration. Go to your Sporcle Settings to finish the process.

Report this User

Report this user for behavior that violates our Community Guidelines.

Details: